Top 10 Hottest Songs of 2001 - Statistics

General Stats
  • This quiz has been taken 16 times
  • The average score is 4 of 10
Answer Stats
Number Song Artist % Correct
2 "Fallin" Alicia Keys
87%
10 "Independent Woman Part I" Destiny's Child
67%
4 "Drops of Jupiter (Tell Me)" Train
67%
1 "Hanging by a Moment" Lifehouse
60%
7 "Let Me Blow Ya Mind" Eve ft. Gwen Stefani
53%
8 "Thank You" Dido
27%
3 "All For You" Janet
13%
6 "If You're Gone" Matchbox Twenty
13%
9 "Again" Lenny Kravitz
7%
5 "I'm Real (Murder Remix) Jennifer Lopez ft. Ja Rule
0%
No matching quizzes found
Score Distribution
Percent of People with Each Score
Percentile by Number Answered
Your Score History
You have not taken this quiz